কাজী আবদুল ওদুদ / (Record no. 31440)
[ view plain ]
| 000 -LEADER | |
|---|---|
| fixed length control field | 00842nam a22002177a 4500 |
| 003 - CONTROL NUMBER IDENTIFIER | |
| control field | BDDh-ASL |
| 005 - DATE AND TIME OF LATEST TRANSACTION | |
| control field | 20231016062620.0 |
| 008 - FIXED-LENGTH DATA ELEMENTS--GENERAL INFORMATION | |
| fixed length control field | 230328s1997 i ||||| |||| 00| 0 b d |
| 040 ## - CATALOGING SOURCE | |
| Original cataloging agency | BDDh-ASL |
| Transcribing agency | BDDh-ASL |
| 041 ## - LANGUAGE CODE | |
| Language code of text/sound track or separate title | ben |
| 082 ## - DEWEY DECIMAL CLASSIFICATION NUMBER | |
| Classification number | 928.9144 |
| Item number | HAK |
| 100 1# - MAIN ENTRY--PERSONAL NAME | |
| Personal name | হাসান, জহিরুল |
| 9 (RLIN) | 7744 |
| 245 10 - TITLE STATEMENT | |
| Title | কাজী আবদুল ওদুদ / |
| 246 ## - VARYING FORM OF TITLE | |
| Title proper/short title | Kazi Abdul Wadud : A Monograph in Bengali by Zahirul Hasan. |
| 260 ## - PUBLICATION, DISTRIBUTION, ETC. | |
| Place of publication, distribution, etc. | কলকাতা : |
| Name of publisher, distributor, etc. | সাহিত্য অকাদেমি, |
| Date of publication, distribution, etc. | 1997. |
| 300 ## - PHYSICAL DESCRIPTION | |
| Extent | 106 p. : |
| Dimensions | 21 cm. |
| 504 ## - BIBLIOGRAPHY, ETC. NOTE | |
| Bibliography, etc. note | গ্রন্থপঞ্জি ও নির্ঘন্ট সংযুক্ত। |
| 600 10 - SUBJECT ADDED ENTRY--PERSONAL NAME | |
| Personal name | ওদুদ, কাজী আবদুল |
| 9 (RLIN) | 907 |
| 650 #0 - SUBJECT ADDED ENTRY--TOPICAL TERM | |
| Topical term or geographic name entry element | biographical dictionary - চরিতাভিধান |
| 9 (RLIN) | 4665 |
| 942 ## - ADDED ENTRY ELEMENTS (KOHA) | |
| Source of classification or shelving scheme | Dewey Decimal Classification |
| Koha item type | Books |
| Withdrawn status | Lost status | Source of classification or shelving scheme | Damaged status | Not for loan | Collection code | Home library | Current library | Shelving location | Date acquired | Source of acquisition | Total Checkouts | Full call number | Barcode | Date last seen | Copy number | Price effective from | Koha item type | Public note |
|---|---|---|---|---|---|---|---|---|---|---|---|---|---|---|---|---|---|---|
| Dewey Decimal Classification | Non-fiction | Asiatic Society Library | Asiatic Society Library | General Stacks | 03/28/2023 | Donated by Prof. Dr. M. Abdul Qayyum & Dr. Razia Sultana | 928.9144 HAK | 120106 | 03/28/2023 | C-1 | 03/28/2023 | Books | Y-1997 |